00768nam a2200253 a 4500001001300000003000900013005001700022008004100039020001000080082001600090100001700106245002100123260005000144300000800194500003500202505001300237650002300250700001700273902000800290942000700298952009700305952009700402999001500499nice12345678IN_TiNIC20260116012953.0050524s1942 amra grp 000 0 urd  ac10000a232.96bLAU aLaubach, F C aSaleeb Ka Baiyan aAmratsarbPunjab Religious Book Societyc1942 a40p aincludes index and biblioraphy2 aAppendix aJesus Christ-Death1 aLaubach, F C bSRS cBK 00104070aHMIbHMId2016-03-22g100.00l0o232.96 LAUp10960r0000-00-00w2026-01-16yARB 00104070aHMIbHMId2016-03-22g100.00l0o232.96 LAUp10961r0000-00-00w2026-01-16yARB c9110d9110